|
|
|
|
| LEADER |
00000cam a2200000 a 4500 |
| 001 |
vtls001480595 |
| 003 |
SK-MaSNL |
| 005 |
20260302073629.0 |
| 008 |
130607s2002 xo a u 0 und |
| 035 |
|
|
|a SNK000435893
|
| 040 |
|
|
|a SNK
|b slo
|c SNK
|e AACR2
|
| 044 |
|
|
|a xo
|c SK
|
| 046 |
|
|
|a m
|m 200206 (účin.)
|n 20151101 (zruš.)
|
| 072 |
|
7 |
|a 697
|x Vykurovanie, vetranie, klimatizácia
|2 konspekt
|
| 080 |
|
|
|a 697.3
|2 2011
|
| 130 |
0 |
|
|a STN 07 0253 (STN EN 483+A2) [neplatná]
|9 738285
|
| 245 |
1 |
0 |
|a STN EN 483+A2 [neplatná], Kotly na plynné palivá na ústredné vykurovanie
|b kotly zhotovenia C s menovitým tepelným príkonom najviac 70 kW (obsahuje Zmenu A2: 2001)
|p prehľad a používanie
|
| 246 |
1 |
0 |
|a Kotly na plynné palivá na ústredné vykurovanie
|
| 246 |
1 |
0 |
|a Kotly zhotovenia C s menovitým tepelným príkonom najviac 70 kW
|
| 250 |
|
|
|a [1. vyd.]
|
| 260 |
|
|
|a Bratislava
|b Slovenský ústav technickej normalizácie
|c 2002
|
| 500 |
|
|
|a Táto národná norma je identická s EN 483: 1999 vrátane jej zmeny A2: 2001
|
| 500 |
|
|
|a Norma je nahradená spolu s normou STN EN 15420 z marca 2011 normou STN EN 15502-2-1 z apríla 2013 v celom rozsahu
|
| 500 |
|
|
|a Táto norma sa môže súbežne s normou STN EN 15420 z marca 2011 používať do 1.11.2015
|
| 650 |
0 |
7 |
|a ústredné kúrenie
|2 SNKPH
|9 69724
|
| 650 |
0 |
7 |
|a Central heating
|2 SNKPHeng
|9 374103
|
| 655 |
|
7 |
|a normy
|2 SNK
|9 70643
|
| 700 |
1 |
|
|a Rypák, Rudolf
|4 aut
|9 303044
|
| 710 |
|
2 |
|a EMITA (Piešťany, Slovensko)
|9 166433
|
| 774 |
1 |
8 |
|t STN EN 483+A2/A4: 2008
|d Bratislava : Slovenský ústav technickej normalizácie, 2008
|w vtls009330500
|
| 774 |
1 |
8 |
|t STN EN 15502-2-1: 2013
|d Bratislava : Slovenský ústav technickej normalizácie, 2013
|w vtls010504578
|
| 852 |
|
|
|a Štátna vedecká knižnica v Banskej Bystrici
|
| 958 |
|
|
|a NB
|
| 958 |
|
|
|a OP
|
| 999 |
|
|
|c 1161702
|d 1163632
|
| 952 |
|
|
|t P60, <03>, [BOOK], {603}
|a SNK
|b SNK
|y PREZ
|7 0
|p 17A0441585
|o snkSTN EN 438 + A2
|i snkN 3570/2004
|0 0
|1 0
|4 0
|d 2004-08-25
|l 0
|r 2005-01-02 00:00:00
|w 2026-02-24
|
| 952 |
|
|
|t P66, <07>, [BOOK], {604}
|a SNK
|b SNK
|y PREZ
|7 0
|p 17A0441584
|o snkSTN EN 483 + A2 D1
|i snkN 3571/2004
|0 0
|1 0
|4 0
|d 2004-08-25
|l 0
|r 2005-01-02 00:00:00
|w 2026-02-24
|